[Event "HUN-chT2 Erkel 1516"]
[Site "Hungary"]
[Date "2015.09.13"]
[Round "1.10"]
[White "Vas, Vince"]
[Black "Marton, Denes"]
[Result "0-1"]
[WhiteElo "1677"]
[BlackElo "1972"]
[PlyCount "148"]
[EventDate "2015.09.13"]
[EventType "team-tourn"]
[EventRounds "11"]
[EventCountry "HUN"]
[SourceTitle "CBM 170 Extra"]
[Source "ChessBase"]
[SourceDate "2016.02.25"]
[SourceVersion "1"]
[SourceVersionDate "2016.02.25"]
[SourceQuality "1"]
[WhiteTeam "Paszto"]
[BlackTeam "Barcza BEAC"]
[WhiteTeamCountry "HUN"]
[BlackTeamCountry "HUN"]

1. e4 e6 2. d4 d5 3. Nd2 Nf6 4. e5 Nfd7 5. f4 c5 6. c3 Nc6 7. Ndf3 Qb6 8. Ne2 cxd4 9. cxd4 f6 10. b3 Bb4+ 11. Bd2 0-0 12. Bc3 Bxc3+ 13. Nxc3 fxe5 14. fxe5 Ndxe5 15. dxe5 Qe3+ 16. Ne2 Nb4 17. Qd2 Nd3+ 18. Kd1 Nf2+ 19. Ke1 Qxd2+ 20. Kxd2 Nxh1 21. Ke3 h5 22. Ned4 g5 23. Bd3 Nf2 24. Kxf2 g4 25. Ke3 gxf3 26. gxf3 Bd7 27. Rg1+ Kf7 28. Bg6+ Ke7 29. Bxh5 Rg8 30. Bg4 Rh8 31. h3 Rac8 32. Kd2 Rc5 33. Bxe6 Bxe6 34. Rg7+ Bf7 35. e6 Rf8 36. exf7 Rxf7 37. Nf5+ Kf6 38. Rxf7+ Kxf7 39. b4 Rc6 40. Ne3 d4 41. Nc2 Rh6 42. Nxd4 Rxh3 43. Kc3 Ke7 44. Kc4 Kd7 45. a4 Rh1 46. a5 Rc1+ 47. Kb3 a6 48. Ne2 Re1 49. Nd4 Kd6 50. Nc2 Rf1 51. Nd4 Kd5 52. Kc3 Rc1+ 53. Nc2 Rh1 54. Kd3 Rh4 55. Kc3 Rf4 56. Ne1 Kc6 57. Nd3 Rxf3 58. Kc4 Rh3 59. Ne5+ Kd6 60. Nf7+ Kc7 61. Ne5 Rh4+ 62. Kc5 Rh5 63. Kd4 Kd6 64. Nf3 Rf5 65. Nd2 Rf4+ 66. Kc3 Kd5 67. Kb3 Rf2 68. Nb1 Kd4 69. Na3 Rd2 70. Nb1 Rd1 71. Na3 Rc1 72. Ka4 Rc3 73. Nb1 Rd3 74. Na3 Kc3 0-1